00409nam a2200145Ia 4500020001800000082001700018100002000035245007200055260003700127300001500164504003600179650001800215650001600233650001400249 a81-316-0013-0 a306.87 LAV-C aLavania, Vinita 0aChildless couples: social consequences of sterility and infertility aJaipurbRawat Publicationsc2006 axviii, 230 aincludes bibliography and index aChildlessness aInfertility aSterility